000 01158nam a2200289 u 4500
001 000003325
003 DO-SdBNP
005 20260320103646.0
007 ta
008 090708s1983 dr r 001 0 spa d
040 _aDO-SdBNP
_cspa
_bBNPHU
082 _a342.068
_bR434p
_222
245 1 0 _aResponsabilidad penal de los empleados y funcionarios del estado /
_bcompilador, Raymundo Amaro G. ; prólogo Frank A. Roca Friedheim.
260 _aSanto Domingo :
_bONAP,
_c1983.
300 _a77 p.
_c21 cm.
440 0 _aEstudioa jurídicos
_v19
_910445
500 _aIncluye índice
590 _aInventariado, 2022 /LP
650 7 _aResponsabilidad administrativa
_zRepública Dominicana
_910280
_2LIBRUNAM
650 4 _aProcesos (Delitos de los funcionarios )
_zRepública Dominicana
_983019
_2LIBRUNAM
650 4 _aDelitos de los funcionários
_zRepública Dominicana
_2LIBRUNAM
_v¡
_989259
700 1 _aRoca Friedheim, Frank A.
_910447
700 1 _aAmaro Guzmán, Raymundo
_ecomp.
_9656
710 1 _aRepública Dominicana.
_bOficina Nacional de Administración y Personal
_983018
910 _aValidado. Control de calidad MFF
942 _2ddc
_cLBS1
999 _c3156
_d3156